Phân tích hiệu quả sản xuất lúa tại huyện Tân Hiệp tỉnh Kiên Giang : Luận văn thạc sĩ kinh tế chuyên ngành kinh tế nông nghiệp

Đề tài phân tích hiệu quả sản xuất lúa tại huyện Tân Hiệp tỉnh Kiên Giang và đưa ra giải pháp và các kiến nghị nông hộ chuyên canh trồng lúa mang lại hiệu quả và phát triển bền vững.

Na minha lista:
Detalhes bibliográficos
Autor principal: Trương, Văn Minh
Formato: Livro
Idioma:Undetermined
Publicado em: Cần Thơ Trường Đại học Cần Thơ 2011
Assuntos:
Tags: Adicionar Tag
Sem tags, seja o primeiro a adicionar uma tag!
Thư viện lưu trữ: Trung tâm Học liệu Trường Đại học Cần Thơ
LEADER 01151nam a2200229Ia 4500
001 CTU_170966
008 210402s9999 xx 000 0 und d
082 |a 338.16 
082 |b M312 
088 |a 60620115 
100 |a Trương, Văn Minh 
245 0 |a Phân tích hiệu quả sản xuất lúa tại huyện Tân Hiệp tỉnh Kiên Giang : 
245 0 |b Luận văn thạc sĩ kinh tế chuyên ngành kinh tế nông nghiệp 
245 0 |c Trương, Văn Minh ; Võ Thành Danh ( Hướng dẫn khoa học) 
260 |a Cần Thơ 
260 |b Trường Đại học Cần Thơ 
260 |c 2011 
520 |a Đề tài phân tích hiệu quả sản xuất lúa tại huyện Tân Hiệp tỉnh Kiên Giang và đưa ra giải pháp và các kiến nghị nông hộ chuyên canh trồng lúa mang lại hiệu quả và phát triển bền vững. 
650 |a Nông nghiệp,Agriculture 
650 |x Khía cạnh kinh tế,Economic aspects 
904 |i Ánh Vân, Hải 
980 |a Trung tâm Học liệu Trường Đại học Cần Thơ